Statistics for Top 100 NBA Player By Win Share

Click here to take the quiz!

General Stats

  • This quiz has been taken 84 times
    (7 since last reset)
  • The average score is 63 of 100

Answer Stats

Player % Correct
Kareem Abdul-Jabbar
100%
Kevin Johnson
100%
Magic Johnson
100%
Moses Malone
100%
Julius Erving
100%
John Stockton
100%
Michael Jordan
100%
LeBron James
100%
Karl Malone
100%
Vince Carter
80%
Chauncey Billups
80%
Elvin Hayes
80%
Dwyane Wade
80%
Buck Williams
80%
Dominique Wilkins
80%
Wilt Chamberlain
80%
Walt Frazier
80%
Tony Parker
80%
George Mikan
80%
Wes Unseld
80%
Manu Ginobili
80%
John Havlicek
80%
Chris Bosh
80%
Elgin Baylor
80%
Carmelo Anthony
80%
Eddie Jones
80%
Allen Iverson
80%
Russell Westbrook
80%
Tracy McGrady
80%
Lenny Wilkens
80%
Dwight Howard
80%
Sam Jones
80%
Bill Russell
80%
Kevin Garnett
80%
Chris Paul
80%
Jerry West
80%
Paul Pierce
80%
Charles Barkley
80%
Oscar Robertson
80%
Ray Allen
80%
Pau Gasol
80%
Shaquille O'Neal
80%
Kevin Durant
80%
Dirk Nowitzki
80%
Tim Duncan
80%
Hal Greer
60%
Kobe Bryant
60%
Reggie Miller
60%
Bill Laimbeer
60%
Rasheed Wallace
60%
Chris Mullin
60%
Stephen Curry
60%
Rick Barry
60%
Ben Wallace
60%
Vlade Divac
60%
Andre Miller
60%
David Robinson
60%
Grant Hill
60%
A.C. Green
60%
Artis Gilmore
60%
Jerry Lucas
60%
Kyle Lowry
60%
Andre Iguodala
60%
Clyde Drexler
60%
Dikembe Mutombo
60%
Hakeem Olajuwon
60%
Terry Porter
60%
Paul Arizin
60%
Robert Parish
60%
Kevin McHale
60%
Gary Payton
60%
Dolph Schayes
60%
Shawn Marion
60%
Scottie Pippen
60%
Larry Bird
60%
Jason Kidd
60%
Patrick Ewing
60%
James Harden
60%
Steve Nash
60%
LaMarcus Aldridge
60%
Walt Bellamy
40%
Chet Walker
40%
Amar'e Stoudemire
40%
Bob Lanier
40%
Adrian Dantley
40%
Maurice Cheeks
40%
Jason Terry
40%
Alex English
20%
Horace Grant
20%
Tyson Chandler
20%
Jack Sikma
20%
Elton Brand
20%
Detlef Schrempf
20%
Jeff Hornacek
20%
Bob Pettit
20%
Otis Thorpe
20%
Ed Macauley
0%
Larry Nance
0%
Sam Perkins
0%
Bailey Howell
0%

Score Distribution

Percentile by Number Answered

Percent of People with Each Score

Your Score History

You have not taken this quiz since the last reset